000 00702nam a22001817a 4500
003 UA-OsUOA
001 17325
007 ta
008 20040221b un ||||| |||| 00| 0 ukr d
100 _aШвед І.
942 _cSA
040 _aUA-OsUOA
_cUA-OsUOA
_dUA-OsUOA
245 _aЛюбов і Люба: [Про Л.А. Пшеничну - члена спілки письм. України, а на Дубенщині - відповідал. секретаря цієї орг. Народилася на Житомирщині]
300 _aС.3
955 _a0
773 0 _w0
_tВісник Дубенщини
_dДубно
_d2004
_g№13/14/12 лбт./
650 7 _aКраєзнавча робота
_2UDC
999 _c303493
_d303493